Detalles MARC
| 000 -LEADER |
| fixed length control field |
02471 am a2200289 a 4500 |
| 005 - FECHA ULTIMA MODIFICACION |
| control field |
20240814125047.0 |
| 008 - CAMPO DE CONTROL (LIBRO) |
| fixed length control field |
100623s2005||||ag a f |||| 001 0dspa d |
| 020 ## - INTERNATIONAL STANDARD BOOK NUMBER |
| ISBN |
9871034067 |
| 041 ## - CODIGO DE IDIOMA |
| Código de idioma del texto/pista de sonido o título separado |
spa |
| 092 ## - SIGNATURA TOPOGRAFICA DEWEY LOCAL |
| número de clasificación |
610.8 |
| libristica |
12 |
| sección |
CIR |
| 100 1# - ENTRADA PRINCIPAL--NOMBRE PERSONAL |
| Nombre personal |
Ciruzzi, Augusto J. |
| 9 (RLIN) |
1132 |
| 245 #4 - TITULO PROPIAMENTE DICHO |
| Título |
Los médicos de Colonia Lucinda. |
| Subtítulo y Título paralelo |
Breve reseña histórica y biográfica de los Primeros Médicos y sus quehaceres en Colonia Lucinda (Cipolletti) / |
| Mención de responsabilidad y remanente de la transcripción de la portada |
Augusto J. Ciruzzi. |
| 250 ## - MENCION DE EDICION |
| Mención de edición |
1a ed. |
| 260 ## - PIE DE IMPRENTA |
| Lugar de publicación, distribución, etc |
Neuquén [Neuquén ; Argentina]: |
| Nombre de la editorial, distribuidor, etc |
La Casa del Escritor; |
| Fecha de publicación |
2005. |
| 300 ## - DESCRIPCION FISICA |
| Extension |
157 p. |
| Otros detalles físicos |
il. |
| 500 ## - NOTA GENERAL |
| Nota general |
Ciruzzi, A. J. (2005). Los médicos de Colonia Lucinda. Breve reseña histórica y biográfica de los Primeros Médicos y sus quehaceres en Colonia Lucinda (Cipolletti). (1a ed.). Neuquén [Argentina] : La casa del escritor. |
| 505 ## - NOTA DE CONTENIDO |
| Nota de contenido formateada |
El ser humano se hace de construcciones históricas y es en ese lugar ontológico que el descubrimiento cotidiano se nutre de la labor de buscadores, de arqueólogos de la historia humana. Quizás ese sea el mejor lugar para aproximarse a la definición de Augusto Ciruzzi, quién a pesar de ser ajeno al mundo de la historia, al menos de manera directa, la roza desde el costado de la ciencia. Nacido en 1946, cipoleño por adopción desde 1973, de profesión médico, especializado en traumatología, y como él mismo suele decir "Cada vez menos médico y más humanista", aborda de manera metódica y concienzuda un tema que le es propio como a todos los habitantes de Cipolletti, la historia de los médicos pioneros en la región. Los Médicos de la Colonia Lucinda, es una sinécdoque de la historia de la ciudad. Porteño en su origen, extremadamente patagónico en su madurez. Se formó en un mar de descubrimiento de su tierra adoptiva y se ha transformado en baqueano de ella, abogando constantemente por su conservación y crecimiento, desde su profesión, su militancia política y desde el diario accionar inserto en la sociedad que eligió para vivir y criar a sus hijos; es así que finalmente este libro concentra varias de sus pasiones: medicina, historia, amor por su tierra y profunda indagación del ser humano. |
| 590 ## - NOTAS LOCALES (RLIN) |
| Nota local |
Donación del autor, 2005 |
| 653 ## - TÉRMINO INDIZADO - PALABRAS CLAVES |
| Palabra clave |
Reseña histórica y biográfica de médicos y pioneros |
| 653 ## - TÉRMINO INDIZADO - PALABRAS CLAVES |
| Palabra clave |
Colonia Lucinda : Cipolletti |
| 653 ## - TÉRMINO INDIZADO - PALABRAS CLAVES |
| Palabra clave |
Estadísticas - Anécdotas |
| 930 ## - NUMERO DE INVENTARIO |
| Número de inventario |
1647 |
| 930 ## - NUMERO DE INVENTARIO |
| Número de inventario |
1395 |
| 930 ## - NUMERO DE INVENTARIO |
| Número de inventario |
1394 |
| 930 ## - NUMERO DE INVENTARIO |
| Número de inventario |
1393 |
| 942 ## - ADDED ENTRY ELEMENTS (KOHA) |
| Source of classification or shelving scheme |
Dewey Decimal Classification |
| Item type |
Libros |